Länder Mit 6 Buchstaben - Statistiken

Allgemein
  • Dieses Quiz wurde 518 mal gespielt
    442 seit der letzten Aktualisierung
  • Das Durchschnittsergebnis liegt bei 18 aus 29
Antwortstatistiken
Antwort % Korrekt
Irland
81%
Island
81%
Kanada
75%
Kosovo
72%
Mexiko
71%
Guyana
70%
Monaco
70%
Israel
69%
Bhutan
68%
Indien
66%
Panama
66%
Belize
65%
Gambia
64%
Ungarn
64%
Türkei
63%
Tuvalu
63%
Syrien
60%
Sambia
59%
Uganda
58%
Zypern
58%
Ruanda
57%
Angola
56%
Kuwait
56%
Brunei
54%
Tschad
54%
Taiwan
52%
Libyen
51%
Guinea
50%
Malawi
49%
Keine übereinstimmenden Quizze gefunden
Verteilung der Resultate
Anzahl Personen mit jedem Resultat
Perzentil nach korrekt beantworteten Fragen
Ihre Resultats-Entwicklung
Sie haben dieses Quiz seit der letzten Aktualisierung nicht gespielt